000 00915nam a2200241 i 4500
001 61447
003 ES-MaACL
005 20251015122212.0
007 t|
008 031112s1918 sp ||||1| cat d
100 0 _aFabra, Pompeu.
_948525
245 1 0 _aGramática catalana /
_cper Pompeu Fabra.
260 _aBarcelona :
_b[s.n.],
_c1918 (
_fCasa de Caritat)
300 _a149 p. ;
_c24 cm.
490 1 _aBiblioteca filològica de l'Institut de la Llengua Catalana ;
_v12
530 _aDisponible en formato digital.
650 4 _aLengua catalana-
_xGramática.
_914105
830 0 _aBiblioteca filològica de l'Institut de la Llengua Catalana ;
_v12
_9182803
852 _aES-MaACL
_jB-4826
_zRevisado enlace: 21 de julio de 2025
856 4 _uhttps://catalogo.bne.es/permalink/34BNE_INST/f0qo1i/alma991014867879708606
_yBiblioteca Digital Hispánica
942 _2udc
999 _c61447
_d61447